PROGRAMMING IN ANSI C (Record no. 18871)
[ view plain ]
| 000 -LEADER | |
|---|---|
| fixed length control field | 00222nam a2200097Ia 4500 |
| 008 - FIXED-LENGTH DATA ELEMENTS--GENERAL INFORMATION | |
| fixed length control field | 170619s9999 xx 000 0 und d |
| 100 ## - MAIN ENTRY--PERSONAL NAME | |
| Personal name | Balagurusamy E |
| 245 #0 - TITLE STATEMENT | |
| Title | PROGRAMMING IN ANSI C |
| 260 ## - PUBLICATION, DISTRIBUTION, ETC. | |
| Name of publisher, distributor, etc. | Mc Graw Hill |
| 260 ## - PUBLICATION, DISTRIBUTION, ETC. | |
| Date of publication, distribution, etc. | 2008 |
| 546 ## - LANGUAGE NOTE | |
| Language note | ENGLISH |
No items available.

